[Event "ESP-ch 84th"]
[Site "Marbella"]
[Date "2019.11.21"]
[Round "6"]
[White "Sosa Suarez, Carla Cristina"]
[Black "Hernandez Roldan, Miguel"]
[Result "0-1"]
[WhiteElo "2022"]
[BlackElo "2229"]
[PlyCount "108"]
[EventDate "2019.11.16"]
[EventType "swiss"]
[EventRounds "9"]
[EventCountry "ESP"]
[SourceTitle "CBM 193 Extra"]
[Source "ChessBase"]
[SourceDate "2020.01.31"]
[SourceVersion "1"]
[SourceVersionDate "2020.01.31"]
[SourceQuality "1"]

1. e4 c5 2. Nf3 d6 3. d4 cxd4 4. Nxd4 Nf6 5. Nc3 g6 6. Be3 Bg7 7. f3 a6 8. Bc4 b5 9. Bb3 Bb7 10. a4 b4 11. Nd5 Nxd5 12. Bxd5 Bxd5 13. exd5 Qa5 14. Nb3 Qc7 15. Bd4 0-0 16. Bxg7 Kxg7 17. Qd4+ Kg8 18. Rc1 Nd7 19. 0-0 Qb6 20. Rfd1 Rfc8 21. a5 Qxd4+ 22. Nxd4 Nf6 23. Nb3 Rab8 24. Rd2 Kf8 25. g4 Rb5 26. Rcd1 Nd7 27. Kf2 Ne5 28. Re2 Rc7 29. Rd4 Nc4 30. g5 Nxb2 31. Kg3 Rc4 32. Ree4 Rxd4 33. Rxd4 Ke8 34. Nc1 Kd7 35. Na2 Rxa5 36. Nxb4 Ra4 37. Nc6 Rxd4 38. Nxd4 Nd1 39. Kf4 Nc3 40. Nb3 Nxd5+ 41. Ke4 e6 42. c4 Nb6 43. c5 d5+ 44. Ke5 Nc4+ 45. Kf6 a5 46. Kxf7 a4 47. Nc1 a3 48. Kg7 d4 49. Kxh7 d3 50. Nxd3 a2 51. c6+ Kc7 52. Kxg6 a1Q 53. Kh7 Qb1 54. g6 Qxd3 0-1

[Event "Andalucia-chT Honor final"]
[Site "Marbella"]
[Date "2018.12.01"]
[Round "2.9"]
[White "Castilla Leon Salas, Carlos"]
[Black "Hernandez Roldan, Miguel"]
[Result "1-0"]
[WhiteElo "2221"]
[BlackElo "2259"]
[PlyCount "69"]
[EventDate "2018.12.01"]
[EventType "team-k.o."]
[EventRounds "3"]
[EventCountry "ESP"]
[SourceTitle "CBM 189 Extra"]
[Source "ChessBase"]
[SourceDate "2019.06.03"]
[SourceVersion "1"]
[SourceVersionDate "2019.06.03"]
[SourceQuality "1"]
[WhiteTeam "Reina Brillante"]
[BlackTeam "Metro"]
[WhiteTeamCountry "ESP"]
[BlackTeamCountry "ESP"]

1. d4 Nf6 2. c4 e6 3. Nc3 Bb4 4. e3 b6 5. Bd3 Bb7 6. Nf3 0-0 7. 0-0 d5 8. Na4 dxc4 9. Bxc4 Bd6 10. a3 Nbd7 11. h3 e5 12. b4 a5 13. b5 e4 14. Nd2 Qe7 15. Be2 Nd5 16. Nc4 f5 17. Qb3 Kh8 18. Nxd6 Qxd6 19. f4 c6 20. Nb2 Qe6 21. Bc4 c5 22. Rd1 Rfd8 23. Na4 cxd4 24. Rxd4 N7f6 25. Nc3 Rac8 26. Bb2 a4 27. Nxa4 Rxc4 28. Qxc4 Rc8 29. Qb3 Nxf4 30. Qxe6 Nxe6 31. Rd6 Nc5 32. Nxb6 Rb8 33. Bd4 Nb3 34. Rd1 f4 35. Bxf6 1-0

[Event "Murcia op"]
[Site "Murcia"]
[Date "1997.??.??"]
[Round "7"]
[White "Garcia Garcia, Ruben"]
[Black "Hernandez Roldan, Miguel"]
[Result "0-1"]
[WhiteElo "2180"]
[BlackElo "2280"]
[PlyCount "62"]
[EventDate "1997.??.??"]
[EventType "swiss"]
[EventRounds "9"]
[EventCountry "ESP"]
[SourceTitle "EXT 2000"]
[Source "ChessBase"]
[SourceDate "1999.11.16"]
[SourceVersion "1"]
[SourceVersionDate "1999.11.16"]
[SourceQuality "1"]

1. c4 f5 2. Nc3 Nf6 3. g3 g6 4. Bg2 Bg7 5. d3 d6 6. Bd2 Nc6 7. a3 0-0 8. Nf3 a6 9. Qc1 e5 10. Bh6 e4 11. Ng1 Bxh6 12. Qxh6 Nd4 13. Rc1 Ng4 14. Qf4 Nb3 15. h4 Nxc1 16. Qxc1 exd3 17. h5 g5 18. f4 gxf4 19. Qxf4 h6 20. Nh3 dxe2 21. Bf3 c6 22. Bxe2 Qe7 23. Kd2 Bd7 24. Nf2 Qe5 25. Rg1 Qxf4+ 26. gxf4 Kf7 27. Bxg4 fxg4 28. Nxg4 Bxg4 29. Rxg4 Rg8 30. Rh4 Rg2+ 31. Kc1 Re8 0-1

[Event "Andalucia-ch"]
[Site "Spain"]
[Date "1997.??.??"]
[Round "?"]
[White "Palacios de la Prida, Ernesto"]
[Black "Hernandez Roldan, Miguel"]
[Result "0-1"]
[WhiteElo "2220"]
[BlackElo "2280"]
[PlyCount "77"]
[EventDate "1997.??.??"]
[EventType "swiss"]
[EventRounds "9"]
[EventCountry "ESP"]
[SourceTitle "EXT 2006"]
[Source "ChessBase"]
[SourceDate "2005.11.24"]
[SourceVersion "1"]
[SourceVersionDate "2005.11.24"]
[SourceQuality "1"]

1. d4 f5 2. Bg5 h6 3. Bf4 d6 4. e4 g6 5. Bd3 e6 6. Nc3 Bg7 7. h4 Ne7 8. Nge2 Nd7 9. Qd2 e5 10. dxe5 dxe5 11. 0-0-0 c6 12. exf5 exf4 13. f6 Bxf6 14. Nxf4 Ne5 15. Qe2 Qb6 16. Nxg6 N5xg6 17. Bxg6+ Kf8 18. Rd6 Kg7 19. Bd3 Qb4 20. Rxf6 Kxf6 21. Re1 Qf4+ 22. Kb1 Ng6 23. h5 Ne5 24. g3 Qd4 25. f4 Nf7 26. Bg6 Rf8 27. g4 Kg7 28. g5 Bh3 29. gxh6+ Kxh6 30. Qf3 Rae8 31. Rd1 Qe3 32. Qh1 Bg4 33. Rf1 Re7 34. Qh4 Qh3 35. Qf2 Bf5 36. Rg1 Rfe8 37. a3 Bg4 38. f5 Qf3 39. Qd2+ 0-1

[Event "Andalucia-ch"]
[Site "Granada"]
[Date "1991.??.??"]
[Round "4"]
[White "Galvez Extremera, Francisco"]
[Black "Hernandez Roldan, Miguel"]
[Result "1-0"]
[WhiteElo "2100"]
[BlackElo "2200"]
[PlyCount "100"]
[EventDate "1991.??.??"]
[EventType "swiss"]
[EventRounds "7"]
[EventCountry "ESP"]
[SourceTitle "EXT 2000"]
[Source "ChessBase"]
[SourceDate "1999.11.16"]
[SourceVersion "1"]
[SourceVersionDate "1999.11.16"]
[SourceQuality "1"]

1. e4 c5 2. Nf3 g6 3. d3 Bg7 4. g3 e6 5. Bg2 Ne7 6. 0-0 Nbc6 7. Nc3 0-0 8. Ne2 d5 9. c3 b6 10. Qc2 Bb7 11. Nh4 Qd7 12. Bf4 Rfd8 13. Rad1 d4 14. c4 h6 15. Bd2 g5 16. Nf3 Ng6 17. Ne1 f5 18. f4 g4 19. a3 a5 20. Rb1 Bf8 21. Qd1 Qg7 22. Qa4 Rdc8 23. Qb3 a4 24. Qd1 h5 25. b3 h4 26. bxa4 h3 27. Bh1 Ra6 28. Rb2 Ba8 29. Qb1 Qa7 30. Nc2 Rb8 31. Rb5 Rxa4 32. Qb3 Nd8 33. Rb1 Ra6 34. Kf2 Bc6 35. Nc1 Qa8 36. Ne1 Rxa3 37. Qd1 Bxb5 38. cxb5 Qa4 39. Qe2 Qa7 40. Nc2 Ra5 41. exf5 exf5 42. Bd5+ Nf7 43. Qe6 Kg7 44. Qxf5 Nh6 45. Qh5 Qd7 46. Be4 Ne7 47. Qe5+ Kf7 48. Qxb8 Nd5 49. Qe5 Nf6 50. f5 Nxe4+ 1-0